1166 1833 1238 1534 1397 1859 1231 1542 1047 1717 1774 1587 1096 1658 1376 1572 1861 1678 1571 1881 1162 1458 1768 1055 1097 1059 1659 1373 1141 1248 1474 1060 1224 1434 1950 1763 1054 1505 1220 1638 1332 1188 1343 1747 1593 1002 1815 1403 1800 1834 1151 1861 1818 1027 1926 1356 1362 1249 1106 1188 1992 1767 1253 1845 1005 1802 1275 1364 1027 1131 1056 1210 1031 1123 1456 1838 1503 1253 1773 1809 1777 1937 1272 1144 1692 1252 1763 1167 1923 1934 1603 1826 1375 1862 1176 1927 1280 1004 1163 BCNSPRNW ULIB Ver.6.0+V

เปลี่ยนเป็นภาษาไทย

Change to English
 แสดงรายละเอียดบรรณานุกรม
  กลับหน้าหลัก

Brief Record : Get Marc (ISO 2709) : E-mail record : QR code < ปิดหน้าต่าง
LEADER : 00000nam 2200000uu 4500
001    13399112638
003     ULIB
008    110829s2550||||th 000 0 tha d
020    974944020X
020    9789749440209
050  4 HV5740^bป196ส 2550
100 0  ประกิต วาทีสาธกกิจ
245 10 สู้เพื่อไทยไร้ควันบุหรี่ :^bบันทึกไว้เป็นประวัติศาสตร์ /^cโดย ประกิต วาทีสาธกกิจ ; คณะบรรณาธิการ, แสงเดือน สุวรรณรัศมี ... [และคนอื่นๆ]
246 30 บันทึกไว้เป็นประวัติศาสตร์ 1
250    พิมพ์ครั้งที่ 2
260    กรุงเทพฯ :^bมูลนิธิรณรงค์เพื่อการไม่สูบบุหรี่,^c2550
300    (30), 160 หน้า :^bภาพประกอบ ;^c21 ซม.
650  4 การเลิกบุหรี่^zไทย
650  4 การสูบบุหรี่^zไทย
650  4 คนสูบบุหรี่^zไทย
650  4 บุหรี่
700 0  แสงเดือน สุวรรณรัศมี,^eบรรณาธิการ
710 2  มูลนิธิรณรงค์เพื่อการไม่สูบบุหรี่
945    ^p0^l0^i020917
945    ^p155^l0^i033158
995    ทศพร
999 ^a ทศพร
รายการนี้ยังไม่มีแท็ก
คุณยังไม่ได้ล็อกอิน คุณสามารถมีกิจกรรมร่วมกับเว็บไซต์ได้ แต่ต้องล็อกอินก่อน ::
  ล็อกอิน

รายการสื่อสารสนเทศ

ลำดับที่ ประเภท เลขเรียก/บาร์โค้ด สถานที่ สถานะ
1. วิทยาศาสตร์การแพทย์ และสุขภาพ
วิทยาศาสตร์การแพทย์ และสุขภาพ
HV5740 ป196ส 2550 ฉ.2 
  Barcode: 033158
ห้องสมุดวิทยาเขตสวรรค์ประชารักษ์
►หนังสือทั่วไป
บนชั้น

รายการใกล้เคียง
    ผู้แต่ง [ประกิต วาทีสาธกกิจ]

    หัวเรื่อง [บุหรี่]

BibComment


ยังไม่เคยถูกคอมเมนท์

คอมเมนท์ทรัพยากรรายการนี้
  คอมเมนท์: สู้เพื่อไทยไร้ควั..


 Copyright 2026. Bcnsprnw @Library